| 000 | 00392nam a2200145Ia 4500 | ||
|---|---|---|---|
| 008 | 230312s9999||||xx |||||||||||||| ||und|| | ||
| 020 | _a81-239-1626-2 | ||
| 082 |
_a621.382 _bCHA-A |
||
| 100 | _aChattopadhyay;Taraprasad | ||
| 245 | 0 | _aAnalog and Digital Electronics | |
| 260 |
_bCBS Publishers _aIndia _c2008 |
||
| 300 | _a474 | ||
| 650 |
_aEngineering _vElectrical Engineering |
||
| 942 | _cBK | ||
| 999 |
_c10469 _d10469 |
||